Drapeaux de pays avec une lune - Statistiques

Statistiques générales
  • Ce quiz a été pris 47 fois
    34 depuis la dernière actualisation
  • Le résultat moyen est 9 sur 17
Statistiques - réponses
Réponse % Correct
Tunisie
93%
Turquie
87%
Mauritanie
77%
Pakistan
77%
Algérie
73%
Azerbaïdjan
67%
Ouzbékistan
67%
Turkménistan
60%
Maldives
57%
Libye
47%
Singapour
43%
Comores
37%
Népal
37%
Malaisie
33%
Croatie
10%
Moldavie
7%
Palaos
7%
Aucun quiz correspondant
Distribution des résultats
% des personnes avec chaque résultat
Percentile par nombre de réponses
Votre historique - résultats
Vous n’avez pas pris ce quiz depuis la dernière actualisation